Data communication and networking : (Record no. 48678)
[ view plain ]
| 000 -LEADER | |
|---|---|
| fixed length control field | 00579nam a2200193Ia 4500 |
| 008 - FIXED-LENGTH DATA ELEMENTS--GENERAL INFORMATION | |
| fixed length control field | 140321s9999 xx 000 0 und d |
| 020 ## - INTERNATIONAL STANDARD BOOK NUMBER | |
| International Standard Book Number | 9781111639709 |
| 050 ## - LIBRARY OF CONGRESS CALL NUMBER | |
| Classification number | TK 5105 |
| Item number | .M845 2012 |
| 100 ## - MAIN ENTRY--PERSONAL NAME | |
| Personal name | Moussavi, Massoud |
| 245 ## - TITLE STATEMENT | |
| Title | Data communication and networking : |
| Remainder of title | a practical approach / |
| Statement of responsibility, etc | Massoud Moussavi. |
| 260 ## - PUBLICATION, DISTRIBUTION, ETC. (IMPRINT) | |
| Place of publication, distribution, etc | Canada : |
| Name of publisher, distributor, etc | Delmar Cengage Learning, |
| Date of publication, distribution, etc | c2012. |
| 300 ## - PHYSICAL DESCRIPTION | |
| Extent | 310 p. : |
| Other physical details | ill. ; |
| Dimensions | 23 cm. |
| 500 ## - GENERAL NOTE | |
| General note | Includes index. |
| 521 ## - TARGET AUDIENCE NOTE | |
| Target audience note | |
| 650 ## - SUBJECT ADDED ENTRY--TOPICAL TERM | |
| Topical term or geographic name as entry element | Computer networks. |
| 650 ## - SUBJECT ADDED ENTRY--TOPICAL TERM | |
| Topical term or geographic name as entry element | Data transmission systems. |
| 942 ## - ADDED ENTRY ELEMENTS (KOHA) | |
| Call number prefix | Foreign |
| Koha item type | Books |
| Withdrawn status | Lost status | Damaged status | Home library | Current library | Shelving location | Date acquired | Total Checkouts | Total Renewals | Full call number | Barcode | Date last seen | Date checked out | Price effective from | Koha item type |
|---|---|---|---|---|---|---|---|---|---|---|---|---|---|---|
| College Library | College Library | Reserve Section | 03/21/2014 | 1 | 3 | TK 5105 .M845 2012 | C17961 | 05/15/2018 | 06/30/2015 | 03/21/2014 | Books |